[Event "Reykjavik op"]
[Site "Reykjavik"]
[Date "2024.03.18"]
[Round "5"]
[White "Larkin, Vladislav"]
[Black "Kistrup, Nicolai"]
[Result "1-0"]
[WhiteElo "2450"]
[BlackElo "2324"]
[PlyCount "167"]
[EventDate "2024.03.15"]
[EventType "swiss"]
[EventRounds "9"]
[EventCountry "ISL"]
[SourceTitle "CB13_2024"]
[SourceDate "2024.03.27"]
[SourceVersion "1"]
[SourceVersionDate "2024.03.27"]
[SourceQuality "1"]

1. e4 c5 2. Nf3 d6 3. d4 cxd4 4. Nxd4 Nf6 5. Nc3 a6 6. Be3 e5 7. Nb3 Be6 8. f3 h5 9. Nd5 Bxd5 10. exd5 Nbd7 11. Qd2 g6 12. 0-0-0 Nb6 13. Kb1 Nbxd5 14. Bg5 Be7 15. a3 Qc7 16. g3 0-0-0 17. Qf2 Kb8 18. Rd3 Nd7 19. Bd2 N5b6 20. Ba5 Qc6 21. Rc3 Nc5 22. Nxc5 dxc5 23. Rb3 Rd1+ 24. Ka2 Nd7 25. Bb5 axb5 26. Rxd1 c4 27. Re3 Bc5 28. Bb4 Bxe3 29. Qxe3 Ka8 30. Rd6 Qc8 31. Qd2 Nb8 32. Qd5 Nc6 33. Qxb5 Nxb4+ 34. Qxb4 Qf5 35. Rd5 Qe6 36. Qa5+ Kb8 37. Rxe5 Qf6 38. f4 Rc8 39. Rc5 Qe6 40. Rxc8+ Kxc8 41. Qc5+ Kd7 42. c3 b6 43. Qd4+ Kc6 44. a4 Kb7 45. Ka3 Qe7+ 46. Ka2 Qe6 47. Qe5 Qc6 48. Ka3 Ka6 49. Kb4 Qg2 50. Qb5+ Kb7 51. Kxc4 Qxh2 52. Qd7+ Ka6 53. Qxf7 Qxb2 54. Qxg6 Qa2+ 55. Kd4 Qxa4+ 56. Ke3 Qa5 57. Qd3+ Ka7 58. Qd7+ Ka6 59. Qc8+ Ka7 60. Qc7+ Ka6 61. Qe5 Qa1 62. f5 Qc1+ 63. Ke4 h4 64. gxh4 Qe1+ 65. Kd5 Qxh4 66. f6 Qh1+ 67. Kd6 Qh7 68. Qe2+ b5 69. Qe6 Qh2+ 70. Ke7+ Ka5 71. f7 Qc7+ 72. Kf6 Qxc3+ 73. Kg6 Qg3+ 74. Kh7 Qh4+ 75. Kg7 Qg3+ 76. Qg6 Qc3+ 77. Kg8 Qc4 78. Qf5 Qb3 79. Kh7 Qa2 80. f8Q Qh2+ 81. Qh6 Qc7+ 82. Kg8 Qg3+ 83. Qhg5 Qb8+ 84. Qf8 1-0

[Event "Reykjavik op"]
[Site "Reykjavik"]
[Date "2024.03.16"]
[Round "2"]
[White "Seemann, Jakub"]
[Black "Larkin, Vladislav"]
[Result "1-0"]
[WhiteElo "2451"]
[BlackElo "2450"]
[PlyCount "93"]
[EventDate "2024.03.15"]
[EventType "swiss"]
[EventRounds "9"]
[EventCountry "ISL"]
[SourceTitle "CB13_2024"]
[SourceDate "2024.03.27"]
[SourceVersion "1"]
[SourceVersionDate "2024.03.27"]
[SourceQuality "1"]

1. e4 d6 2. d4 Nf6 3. Nc3 e5 4. Nge2 c6 5. a4 a5 6. g3 Be7 7. Bg2 0-0 8. 0-0 Qc7 9. h3 Rd8 10. Be3 Nbd7 11. g4 Nf8 12. f4 exf4 13. Nxf4 h6 14. Qd2 N8h7 15. Nfe2 Rb8 16. Ng3 b5 17. axb5 cxb5 18. Nf5 b4 19. Ne2 Bf8 20. Neg3 Re8 21. Bf4 Bxf5 22. gxf5 Rbc8 23. Rac1 Qb6 24. Kh1 Nd7 25. Rce1 Rc4 26. c3 Qc7 27. Rf3 bxc3 28. bxc3 Rc8 29. e5 Nb6 30. Ne4 dxe5 31. dxe5 Rd8 32. Rd3 Rxd3 33. Qxd3 Qc8 34. Be3 Na4 35. Bd4 Rc7 36. Nd6 Qd8 37. Nb5 Rc8 38. e6 fxe6 39. fxe6 Be7 40. Qg6 Qf8 41. Rf1 Nf6 42. Bxf6 Bxf6 43. Be4 Qd8 44. Nd6 Rxc3 45. Rxf6 Rc1+ 46. Kg2 Qxf6 47. Qe8+ 1-0

[Event "Mont de Marsan 20th"]
[Site "Mont de Marsan"]
[Date "2023.12.26"]
[Round "2"]
[White "Larkin, Vladislav"]
[Black "Rambaut, Anthony"]
[Result "1-0"]
[WhiteElo "2490"]
[BlackElo "1905"]
[PlyCount "93"]
[EventDate "2023.12.26"]
[EventType "swiss"]
[EventRounds "9"]
[EventCountry "FRA"]
[SourceTitle "CB01_2024"]
[SourceDate "2024.01.03"]
[SourceVersion "1"]
[SourceVersionDate "2024.01.03"]
[SourceQuality "1"]

1. d4 Nf6 2. Bf4 d5 3. e3 c5 4. c3 Nc6 5. Nf3 e6 6. Nbd2 cxd4 7. exd4 Bd6 8. Bg3 Rb8 9. Ne5 0-0 10. Bd3 Qc7 11. f4 b5 12. a3 a5 13. 0-0 b4 14. axb4 axb4 15. Bh4 Ne8 16. Rc1 bxc3 17. Rxc3 Bxe5 18. dxe5 f5 19. Qc2 Bb7 20. Nb3 Qf7 21. Qf2 d4 22. Nxd4 Nxd4 23. Qxd4 Nc7 24. Be2 Be4 25. Rg3 Kh8 26. Bc4 Nd5 27. Qf2 Rb4 28. b3 Ra8 29. Rc1 Qb7 30. Qd2 Qa7+ 31. Kh1 Qb8 32. h3 Rb7 33. Kh2 Rba7 34. b4 Ra3 35. b5 Rxg3 36. Bxg3 Ra3 37. Qb2 Ra8 38. b6 Qxb6 39. Qxb6 Nxb6 40. Bxe6 h6 41. Rd1 g5 42. Bf2 Re8 43. Bf7 Re7 44. Rd8+ Kg7 45. e6 Nd5 46. Bd4+ Kh7 47. Rh8# 1-0

[Event "Mont de Marsan 20th"]
[Site "Mont de Marsan"]
[Date "2023.12.26"]
[Round "1"]
[White "Rodriguez, Antoine"]
[Black "Larkin, Vladislav"]
[Result "0-1"]
[WhiteElo "1603"]
[BlackElo "2490"]
[PlyCount "48"]
[EventDate "2023.12.26"]
[EventType "swiss"]
[EventRounds "9"]
[EventCountry "FRA"]
[SourceTitle "CB01_2024"]
[SourceDate "2024.01.03"]
[SourceVersion "1"]
[SourceVersionDate "2024.01.03"]
[SourceQuality "1"]

1. e4 c5 2. Nf3 e6 3. c3 Nf6 4. e5 Nd5 5. d4 cxd4 6. cxd4 d6 7. Bc4 Nc6 8. 0-0 Be7 9. Re1 0-0 10. Qd3 Ndb4 11. Qc3 b5 12. Bb3 Bb7 13. a3 dxe5 14. Nxe5 Nxe5 15. dxe5 Rc8 16. Qd2 Nd3 17. Rd1 Rxc1 18. Rxc1 Bg5 19. Qd1 Bxc1 20. Ra2 Qd4 21. Qe2 Nxf2 22. Kf1 Ng4 23. g3 Bf3 24. Qc2 Ne3+ 0-1

[Event "Gothenburg Kvibergspelen"]
[Site "Gothenburg"]
[Date "2023.09.17"]
[Round "8"]
[White "Larkin, Vladislav"]
[Black "Olsson, William"]
[Result "1-0"]
[WhiteElo "2464"]
[BlackElo "2376"]
[PlyCount "109"]
[EventDate "2023.09.15"]
[EventType "swiss"]
[EventRounds "8"]
[EventCountry "SWE"]
[SourceTitle "EXT 2024"]
[Source "ChessBase"]
[SourceDate "2023.10.10"]
[SourceVersion "1"]
[SourceVersionDate "2023.10.10"]
[SourceQuality "1"]

1. Nf3 d5 2. e3 Nf6 3. c4 c6 4. Nc3 Nbd7 5. Qc2 e6 6. b3 Bd6 7. Bb2 0-0 8. Be2 e5 9. cxd5 cxd5 10. Nb5 Bb8 11. Rc1 e4 12. Nfd4 Nb6 13. Nc7 Bxc7 14. Qxc7 Qxc7 15. Rxc7 Rd8 16. 0-0 Ne8 17. Rc5 Bd7 18. Ra5 Nd6 19. Rc1 a6 20. Ba3 Nf5 21. Nxf5 Bxf5 22. Rc7 Rd7 23. Rac5 Rad8 24. Bb4 Rxc7 25. Rxc7 Rd7 26. Rc5 Rd6 27. Rc3 Rg6 28. Rc7 d4 29. Bh5 Rf6 30. Bc5 dxe3 31. dxe3 g6 32. Be2 Nd5 33. Rxb7 Rc6 34. b4 Be6 35. a3 Nc3 36. Bf1 Nb1 37. Rb8+ Kg7 38. a4 Nd2 39. Be2 Nb3 40. Bf8+ Kf6 41. h3 a5 42. bxa5 Nxa5 43. Bb5 Rc1+ 44. Kh2 Ke5 45. Rd8 Nb7 46. Bg7+ Kf5 47. Ra8 g5 48. Bd4 Rc8 49. g4+ Kg6 50. Rxc8 Bxc8 51. Bc6 f5 52. Kg3 Nd6 53. Be5 Nc4 54. Bc3 Kf7 55. gxf5 1-0

[Event "Guardamar Esphouses op 1st"]
[Site "Guardamar del Segura"]
[Date "2023.09.09"]
[Round "9"]
[White "Larkin, Vladislav"]
[Black "Lortkipanidze, Nodar"]
[Result "1/2-1/2"]
[WhiteElo "2464"]
[BlackElo "2393"]
[PlyCount "82"]
[EventDate "2023.09.04"]
[EventType "swiss"]
[EventRounds "9"]
[EventCountry "ESP"]
[SourceTitle "EXT 2024"]
[Source "ChessBase"]
[SourceDate "2023.10.10"]
[SourceVersion "1"]
[SourceVersionDate "2023.10.10"]
[SourceQuality "1"]

1. d4 f5 2. Nc3 Nf6 3. Bg5 d5 4. Bxf6 exf6 5. e3 Be6 6. Bd3 Nc6 7. Qf3 Qd7 8. a3 0-0-0 9. Nge2 g6 10. 0-0-0 Kb8 11. Kb1 Ne7 12. h4 h5 13. Qg3 Bf7 14. Bb5 Qc8 15. Na4 Ng8 16. Rc1 Bd6 17. Nf4 Ne7 18. Bf1 Qd7 19. Nc3 a6 20. Qf3 g5 21. Nd3 Qc6 22. Nb4 Qb6 23. Ncxd5 Nxd5 24. Nxd5 Bxd5 25. Qxd5 Bxa3 26. Qa2 Bb4 27. c3 Bf8 28. Be2 f4 29. hxg5 fxg5 30. Qf7 fxe3 31. fxe3 h4 32. Rc2 Bd6 33. Qf5 Be7 34. Bf3 Rhf8 35. Qe4 Bd6 36. Qg4 Be7 37. Qe4 Bf6 38. Qg4 c5 39. Rd1 Rfe8 40. Rcd2 cxd4 41. exd4 Ka7 1/2-1/2

[Event "Montserrat op"]
[Site "Montserrat"]
[Date "2023.09.01"]
[Round "7"]
[White "Kovacevic, Slobodan"]
[Black "Larkin, Vladislav"]
[Result "1-0"]
[WhiteElo "2218"]
[BlackElo "2449"]
[PlyCount "181"]
[EventDate "2023.08.28"]
[EventType "swiss"]
[EventRounds "9"]
[EventCountry "ESP"]
[SourceTitle "EXT 2024"]
[Source "ChessBase"]
[SourceDate "2023.10.10"]
[SourceVersion "1"]
[SourceVersionDate "2023.10.10"]
[SourceQuality "1"]

1. d4 Nc6 2. Nf3 d6 3. c3 g6 4. e4 Nf6 5. Nbd2 Bg7 6. Bd3 0-0 7. 0-0 e5 8. dxe5 dxe5 9. Bc4 Nh5 10. Re1 Nf4 11. Qc2 Qf6 12. Kh1 Bg4 13. Ng1 Rad8 14. Bf1 g5 15. Nc4 Be6 16. Ne3 Ne7 17. g3 Nh5 18. g4 Nf4 19. Nf5 Nxf5 20. gxf5 Bd7 21. f3 Kh8 22. Nh3 Rg8 23. Be3 Bc6 24. Rad1 Rxd1 25. Rxd1 Bf8 26. Bg2 Nxg2 27. Qxg2 Qe7 28. Nf2 f6 29. Rg1 Qf7 30. b3 a5 31. h4 gxh4 32. Qh3 Rxg1+ 33. Kxg1 a4 34. Qxh4 h5 35. c4 Kh7 36. Nh1 Be8 37. Qe1 b5 38. Qc3 bxc4 39. bxc4 Qd7 40. Nf2 Bf7 41. a3 Kg8 42. Nd3 Qc6 43. Nb2 Qd6 44. c5 Qd7 45. Qb4 Bb3 46. Kh2 Kh7 47. Kh3 Qg7 48. Qe1 Qf7 49. Qb4 Qe8 50. Qb7 Qd7 51. Qa8 Bg7 52. Qa6 Qd8 53. Qb5 Qa8 54. Kh4 Kg8 55. Kxh5 Bf8 56. Kg4 c6 57. Qb4 Qa6 58. Qe1 Qa7 59. Qg1 Kf7 60. Kh3 Ke7 61. Qf2 Qa5 62. Qd2 Qa6 63. Kg2 Ke8 64. Kf2 Qb5 65. Qd3 Qb7 66. Nc4 Bxc4 67. Qxc4 Qb3 68. Qa6 Qb5 69. Qc8+ Ke7 70. Qe6+ Kd8 71. Qxf6+ Be7 72. Qxe5 Bh4+ 73. Kg1 Qb1+ 74. Kh2 Qe1 75. Qd6+ Kc8 76. Qxc6+ Kd8 77. Qd6+ Kc8 78. Qe6+ Kd8 79. Qg8+ Kd7 80. c6+ Kc7 81. Bf4+ Kxc6 82. Qd5+ Kb6 83. Qd6+ Kb5 84. Qd5+ Kb6 85. Qd4+ Kb5 86. Qd3+ Kb6 87. Kh3 Be7 88. f6 Bc5 89. f7 Qh1+ 90. Kg4 Qg2+ 91. Bg3 1-0

[Event "Montserrat op"]
[Site "Montserrat"]
[Date "2023.08.30"]
[Round "3"]
[White "Larkin, Vladislav"]
[Black "Bercaru, Vlad Ionut"]
[Result "1-0"]
[WhiteElo "2449"]
[BlackElo "2092"]
[PlyCount "84"]
[EventDate "2023.08.28"]
[EventType "swiss"]
[EventRounds "9"]
[EventCountry "ESP"]
[SourceTitle "EXT 2024"]
[Source "ChessBase"]
[SourceDate "2023.10.10"]
[SourceVersion "1"]
[SourceVersionDate "2023.10.10"]
[SourceQuality "1"]

1. e4 c6 2. d4 d5 3. f3 Qb6 4. a4 e5 5. dxe5 a5 6. Bd3 Bc5 7. Ne2 Ne7 8. Nbc3 Ng6 9. f4 Bf2+ 10. Kf1 Bh4 11. Ng3 d4 12. Nce2 Bg4 13. Nf5 0-0 14. h3 Bxe2+ 15. Qxe2 Nd7 16. Qg4 Bd8 17. h4 Nc5 18. h5 Nxd3 19. cxd3 Qb3 20. Rh3 c5 21. hxg6 fxg6 22. Nd6 Ra6 23. Ra3 h5 24. Rxb3 hxg4 25. Rg3 g5 26. f5 Bc7 27. Rxb7 Bxd6 28. exd6 Rxd6 29. Rxg4 c4 30. Rxg5 Rf7 31. Rxf7 Kxf7 32. e5 Rd5 33. e6+ Kf6 34. dxc4 Re5 35. g4 Re4 36. Rg6+ Ke7 37. Rxg7+ Kd6 38. Rd7+ Kc5 39. b3 Kb4 40. e7 Kc3 41. f6 d3 42. f7 Rf4+ 1-0

[Event "ESP-chT CECLUB Div1"]
[Site "Linares"]
[Date "2023.08.24"]
[Round "5.2"]
[White "Larkin, Vladislav"]
[Black "Svane, Frederik"]
[Result "1/2-1/2"]
[WhiteElo "2449"]
[BlackElo "2634"]
[PlyCount "117"]
[EventDate "2023.08.20"]
[EventType "team-tourn"]
[EventRounds "7"]
[EventCountry "ESP"]
[SourceTitle "CBM 215 Extra"]
[Source "ChessBase"]
[SourceDate "2023.09.30"]
[SourceVersion "1"]
[SourceVersionDate "2023.09.30"]
[SourceQuality "1"]
[WhiteTeam "Barbera"]
[BlackTeam "Sestao Hotel Naval"]
[WhiteTeamCountry "ESP"]
[BlackTeamCountry "ESP"]

1. e4 c5 2. Nf3 Nc6 3. Bb5 g6 4. c3 Bg7 5. d4 Qb6 6. a4 cxd4 7. 0-0 a6 8. Bxc6 dxc6 9. a5 Qc7 10. cxd4 Nf6 11. Nc3 0-0 12. h3 Rd8 13. Qc2 b5 14. axb6 Qxb6 15. Bf4 Ne8 16. Na4 Qb5 17. Nc5 Nd6 18. Ra3 Qb6 19. Rb3 Nb5 20. Qc4 Bd7 21. h4 Qa7 22. Ra1 a5 23. Nxd7 Qxd7 24. d5 Nd6 25. Qxc6 Qg4 26. Bxd6 exd6 27. Rb7 h6 28. Qc7 Qf4 29. Re1 a4 30. Rc1 Rd7 31. Qxd7 Qxc1+ 32. Kh2 Qf4+ 33. Kh3 a3 34. bxa3 Rxa3 35. Qc8+ Bf8 36. Qg4 Qxg4+ 37. Kxg4 Ra2 38. Kg3 Re2 39. Rb4 Be7 40. Nh2 Re1 41. f4 Re2 42. Nf3 Kg7 43. Nd4 Rd2 44. Kh3 Bf6 45. Nb5 Be7 46. Nc7 Rd3+ 47. g3 f5 48. exf5 gxf5 49. Rb7 Kf7 50. h5 Rd2 51. Ra7 Rd1 52. Ra8 Bf6 53. Ra6 Be7 54. Rc6 Rd2 55. Rc1 Bd8 56. Ne6 Be7 57. Nc7 Bd8 58. Ne6 Be7 59. Nc7 1/2-1/2

[Event "Oviedo op 9th"]
[Site "Oviedo"]
[Date "2023.07.24"]
[Round "1"]
[White "Larkin, Vladislav"]
[Black "Lubino, Adrien"]
[Result "1-0"]
[WhiteElo "2461"]
[BlackElo "1737"]
[PlyCount "91"]
[EventDate "2023.07.24"]
[EventType "swiss"]
[EventRounds "9"]
[EventCountry "ESP"]
[SourceTitle "CBM 215 Extra"]
[Source "ChessBase"]
[SourceDate "2023.09.30"]
[SourceVersion "1"]
[SourceVersionDate "2023.09.30"]
[SourceQuality "1"]

1. e4 e5 2. Nf3 Nf6 3. d4 Nxe4 4. Bd3 d5 5. dxe5 Nc6 6. h3 Be7 7. 0-0 0-0 8. c3 Bf5 9. Qc2 Re8 10. Bf4 Bg6 11. Nbd2 Nxd2 12. Qxd2 Bxd3 13. Qxd3 Qd7 14. Rad1 Rad8 15. Rfe1 Qe6 16. a3 Bc5 17. b4 Bb6 18. a4 a5 19. Ng5 Qg6 20. Qxg6 hxg6 21. b5 Ne7 22. e6 f6 23. Nf7 Rc8 24. g4 g5 25. Bg3 Bc5 26. Kg2 c6 27. b6 Ra8 28. Re2 Ra6 29. h4 gxh4 30. Bxh4 Rxb6 31. Rh1 Ng6 32. Bg3 Rb3 33. f4 Rxe6 34. Nh6+ gxh6 35. Rxe6 Kf7 36. f5 Rxc3 37. Rxh6 Nf8 38. Rexf6+ Kg7 39. Be5 Rc2+ 40. Kf3 d4 41. g5 d3 42. Rxc6+ Kf7 43. g6+ Ke7 44. Rc7+ Kd8 45. Rxc5 d2 46. Rd5+ 1-0

[Event "POR-chT"]
[Site "Sao Joao da Madeira"]
[Date "2023.07.23"]
[Round "9.4"]
[White "Larkin, Vladislav"]
[Black "Martins, Bruno Andre Leite"]
[Result "1-0"]
[WhiteElo "2461"]
[BlackElo "2342"]
[PlyCount "107"]
[EventDate "2023.07.17"]
[EventType "team-tourn"]
[EventRounds "9"]
[EventCountry "POR"]
[SourceTitle "CBM 215 Extra"]
[Source "ChessBase"]
[SourceDate "2023.09.30"]
[SourceVersion "1"]
[SourceVersionDate "2023.09.30"]
[SourceQuality "1"]
[WhiteTeam "Estrelas S Joao de Brito"]
[BlackTeam "Montemor o Novo"]
[WhiteTeamCountry "POR"]
[BlackTeamCountry "POR"]

1. d4 Nf6 2. Nf3 d5 3. Bg5 c5 4. Bxf6 gxf6 5. Nc3 Nc6 6. e4 cxd4 7. Nxd4 dxe4 8. Nxc6 bxc6 9. Qxd8+ Kxd8 10. Nxe4 Rg8 11. f4 Bf5 12. Ng3 Be6 13. Rd1+ Kc7 14. f5 Bd7 15. Bc4 e6 16. 0-0 Be7 17. fxe6 fxe6 18. Rde1 Rae8 19. Kh1 Rg5 20. Bxe6 Bb4 21. Re4 Rxe6 22. Rxb4 Rd5 23. Rbf4 Rd2 24. R4f2 Rxf2 25. Rxf2 h5 26. h3 h4 27. Nh5 f5 28. Kh2 Re3 29. Nf4 Be8 30. Re2 Re4 31. Rxe4 fxe4 32. Kg1 Kd6 33. Kf2 Ke5 34. Ke3 Bf7 35. b3 Be8 36. Ne2 Bd7 37. c4 Be6 38. Nd4 Bd7 39. b4 Be8 40. Nb3 Bf7 41. Nd2 Bg6 42. a4 Bf5 43. b5 cxb5 44. axb5 Be6 45. c5 Kd5 46. Nxe4 Bf5 47. b6 axb6 48. cxb6 Kc6 49. b7 Kc7 50. Nc5 Bg6 51. Kf4 Be8 52. Kg4 Bc6 53. Kxh4 Bxg2 54. Kg4 1-0

[Event "POR Cup 44th"]
[Site "Sao Joao da Madeira"]
[Date "2023.07.15"]
[Round "1.4"]
[White "Larkin, Vladislav"]
[Black "Martins, Bruno Andre Leite"]
[Result "1-0"]
[WhiteElo "2461"]
[BlackElo "2342"]
[PlyCount "65"]
[EventDate "2023.07.15"]
[EventType "team-swiss"]
[EventRounds "2"]
[EventCountry "POR"]
[SourceTitle "CBM 215 Extra"]
[Source "ChessBase"]
[SourceDate "2023.09.30"]
[SourceVersion "1"]
[SourceVersionDate "2023.09.30"]
[SourceQuality "1"]
[WhiteTeam "Estrelas S Joao de Brito"]
[BlackTeam "Montemor o Novo"]
[WhiteTeamCountry "POR"]
[BlackTeamCountry "POR"]

1. d4 Nf6 2. Bf4 d5 3. e3 c5 4. c3 Nc6 5. Nd2 e6 6. Ngf3 cxd4 7. exd4 Nh5 8. Bg5 f6 9. Be3 Bd6 10. g4 Nf4 11. Rg1 0-0 12. Qc2 Qe7 13. 0-0-0 Bd7 14. Nb3 Be8 15. Qd2 g5 16. Nc5 Rc8 17. h4 e5 18. Bxf4 gxf4 19. g5 f5 20. g6 h6 21. g7 Rf7 22. Rg6 e4 23. Re6 Qc7 24. Rxh6 Bxc5 25. Ng5 Nxd4 26. Kb1 Qa5 27. b4 Nb3 28. axb3 Qa3 29. Qxd5 Rd8 30. Rh8+ Kxg7 31. Qe5+ Rf6 32. Ne6+ Kg6 33. Rh6+ 1-0

[Event "Fredericia"]
[Site "Fredericia"]
[Date "2023.05.21"]
[Round "9"]
[White "Larkin, Vladislav"]
[Black "Kistrup, Nicolai"]
[Result "1-0"]
[WhiteElo "2468"]
[BlackElo "2319"]
[PlyCount "103"]
[EventDate "2023.05.17"]
[EventType "tourn"]
[EventRounds "9"]
[EventCountry "DEN"]
[EventCategory "3"]
[SourceTitle "CBM 214 Extra"]
[Source "ChessBase"]
[SourceDate "2023.07.31"]
[SourceVersion "1"]
[SourceVersionDate "2023.07.31"]
[SourceQuality "1"]

1. d4 Nf6 2. Bf4 d5 3. e3 c5 4. c3 Nc6 5. Nd2 Qb6 6. Qb3 c4 7. Qc2 Bg4 8. Be2 Bxe2 9. Nxe2 e6 10. Bg5 Be7 11. Bxf6 Bxf6 12. e4 Qc7 13. h4 h5 14. g3 b5 15. exd5 exd5 16. Kf1 g6 17. Nf4 0-0-0 18. Nf3 Bg7 19. b4 Bh6 20. a4 a6 21. axb5 axb5 22. Ra8+ Kb7 23. Nxd5 Qd6 24. Rxd8 Rxd8 25. Nf4 Bxf4 26. gxf4 Qxf4 27. Rh3 Re8 28. Rg3 Re4 29. Qb1 Re7 30. Qa1 Qe4 31. Kg2 Re6 32. Kg1 Rf6 33. Ng5 Qxh4 34. Qe1 Qf4 35. Ne4 h4 36. Re3 Qg4+ 37. Kh1 Rf3 38. Nc5+ Kb6 39. Qa1 Rxe3 40. fxe3 Qh3+ 41. Kg1 Qxe3+ 42. Kh2 Qg3+ 43. Kh1 Qh3+ 44. Kg1 Qg4+ 45. Kf1 Qc8 46. Kg2 g5 47. Kh2 Ne7 48. Ne4 g4 49. d5 g3+ 50. Kg2 Qg4 51. Qa5+ Kb7 52. Nd6+ 1-0